| 000 | 00350nam a2200133Ia 4500 | ||
|---|---|---|---|
| 008 | 240624s9999 xx 000 0 und d | ||
| 041 | _aeng | ||
| 082 | _a891.46 DES | ||
| 100 | _aDESHPANDEY PURUSHOTTAM LAXMAN | ||
| 245 | _aMARATHI WAADMYACHA GAADIV ITIHAAS | ||
| 260 |
_c2011 _aMumbai _bMouj Prakashan |
||
| 300 | _a76 : p. : cm. ; 21 | ||
| 365 | _cRS | ||
| 999 |
_c28705 _d28705 |
||